<?xml version="1.0" encoding="UTF-8"?>
<record
    xmlns:xsi="http://www.w3.org/2001/XMLSchema-instance"
    xsi:schemaLocation="http://www.loc.gov/MARC21/slim http://www.loc.gov/standards/marcxml/schema/MARC21slim.xsd"
    xmlns="http://www.loc.gov/MARC21/slim">

  <leader>00396    a2200157   4500</leader>
  <datafield tag="999" ind1=" " ind2=" ">
    <subfield code="c">482</subfield>
    <subfield code="d">482</subfield>
  </datafield>
  <controlfield tag="008">221006b           ||||| |||| 00| 0 eng d</controlfield>
  <datafield tag="020" ind1=" " ind2=" ">
    <subfield code="a">9788120321984</subfield>
  </datafield>
  <datafield tag="082" ind1="0" ind2="0">
    <subfield code="a">681.2</subfield>
    <subfield code="b">P3141</subfield>
  </datafield>
  <datafield tag="100" ind1=" " ind2=" ">
    <subfield code="a">Patranabis. D</subfield>
  </datafield>
  <datafield tag="245" ind1=" " ind2=" ">
    <subfield code="a">Sensors and Transducers /</subfield>
  </datafield>
  <datafield tag="250" ind1=" " ind2=" ">
    <subfield code="a">2nd ed.</subfield>
  </datafield>
  <datafield tag="260" ind1=" " ind2=" ">
    <subfield code="a">New Delhi:</subfield>
    <subfield code="b">PHI,</subfield>
    <subfield code="c">2015.</subfield>
  </datafield>
  <datafield tag="300" ind1=" " ind2=" ">
    <subfield code="a">xi, 335 p.</subfield>
  </datafield>
  <datafield tag="650" ind1=" " ind2="0">
    <subfield code="a">Transducers</subfield>
  </datafield>
  <datafield tag="942" ind1=" " ind2=" ">
    <subfield code="2">ddc</subfield>
    <subfield code="c">BK</subfield>
  </datafield>
  <datafield tag="952" ind1=" " ind2=" ">
    <subfield code="0">0</subfield>
    <subfield code="1">0</subfield>
    <subfield code="2">ddc</subfield>
    <subfield code="4">0</subfield>
    <subfield code="6">681_200000000000000_P3141</subfield>
    <subfield code="7">0</subfield>
    <subfield code="9">1968</subfield>
    <subfield code="a">CL</subfield>
    <subfield code="b">CL</subfield>
    <subfield code="d">2017-03-24</subfield>
    <subfield code="e">Jyoti, the Book People</subfield>
    <subfield code="g">198.00</subfield>
    <subfield code="o">681.2 P3141</subfield>
    <subfield code="p">12273</subfield>
    <subfield code="r">2019-09-30</subfield>
    <subfield code="v">275.00</subfield>
    <subfield code="y">BK</subfield>
  </datafield>
  <datafield tag="952" ind1=" " ind2=" ">
    <subfield code="0">0</subfield>
    <subfield code="1">0</subfield>
    <subfield code="2">ddc</subfield>
    <subfield code="4">0</subfield>
    <subfield code="6">681_200000000000000_P3141</subfield>
    <subfield code="7">0</subfield>
    <subfield code="9">1969</subfield>
    <subfield code="a">CL</subfield>
    <subfield code="b">CL</subfield>
    <subfield code="d">2017-03-24</subfield>
    <subfield code="e">Jyoti, the Book People</subfield>
    <subfield code="g">198.00</subfield>
    <subfield code="o">681.2 P3141</subfield>
    <subfield code="p">12274</subfield>
    <subfield code="r">2019-09-30</subfield>
    <subfield code="v">275.00</subfield>
    <subfield code="y">BK</subfield>
  </datafield>
  <datafield tag="952" ind1=" " ind2=" ">
    <subfield code="0">0</subfield>
    <subfield code="1">0</subfield>
    <subfield code="2">ddc</subfield>
    <subfield code="4">0</subfield>
    <subfield code="6">681_200000000000000_P3141</subfield>
    <subfield code="7">0</subfield>
    <subfield code="9">1970</subfield>
    <subfield code="a">CL</subfield>
    <subfield code="b">CL</subfield>
    <subfield code="d">2017-03-24</subfield>
    <subfield code="e">Jyoti, the Book People</subfield>
    <subfield code="g">198.00</subfield>
    <subfield code="o">681.2 P3141</subfield>
    <subfield code="p">12275</subfield>
    <subfield code="r">2019-09-30</subfield>
    <subfield code="v">275.00</subfield>
    <subfield code="y">BK</subfield>
  </datafield>
  <datafield tag="952" ind1=" " ind2=" ">
    <subfield code="0">0</subfield>
    <subfield code="1">0</subfield>
    <subfield code="2">ddc</subfield>
    <subfield code="4">0</subfield>
    <subfield code="6">681_200000000000000_P3141</subfield>
    <subfield code="7">0</subfield>
    <subfield code="9">1971</subfield>
    <subfield code="a">CL</subfield>
    <subfield code="b">CL</subfield>
    <subfield code="d">2017-03-24</subfield>
    <subfield code="e">Jyoti, the Book People</subfield>
    <subfield code="g">198.00</subfield>
    <subfield code="o">681.2 P3141</subfield>
    <subfield code="p">12276</subfield>
    <subfield code="r">2019-09-30</subfield>
    <subfield code="v">275.00</subfield>
    <subfield code="y">BK</subfield>
  </datafield>
  <datafield tag="952" ind1=" " ind2=" ">
    <subfield code="0">0</subfield>
    <subfield code="1">0</subfield>
    <subfield code="2">ddc</subfield>
    <subfield code="4">0</subfield>
    <subfield code="6">681_200000000000000_P3141</subfield>
    <subfield code="7">0</subfield>
    <subfield code="9">1972</subfield>
    <subfield code="a">CL</subfield>
    <subfield code="b">CL</subfield>
    <subfield code="d">2017-03-24</subfield>
    <subfield code="e">Jyoti, the Book People</subfield>
    <subfield code="g">198.00</subfield>
    <subfield code="o">681.2 P3141</subfield>
    <subfield code="p">12277</subfield>
    <subfield code="r">2019-09-30</subfield>
    <subfield code="v">275.00</subfield>
    <subfield code="y">BK</subfield>
  </datafield>
  <datafield tag="952" ind1=" " ind2=" ">
    <subfield code="0">0</subfield>
    <subfield code="1">0</subfield>
    <subfield code="2">ddc</subfield>
    <subfield code="4">0</subfield>
    <subfield code="6">681_200000000000000_P3141</subfield>
    <subfield code="7">0</subfield>
    <subfield code="9">2258</subfield>
    <subfield code="a">CL</subfield>
    <subfield code="b">CL</subfield>
    <subfield code="d">2017-09-07</subfield>
    <subfield code="e">Trio Enterprises</subfield>
    <subfield code="g">198.00</subfield>
    <subfield code="o">681.2 P3141</subfield>
    <subfield code="p">12767</subfield>
    <subfield code="r">2019-10-21</subfield>
    <subfield code="v">275.00</subfield>
    <subfield code="y">BK</subfield>
  </datafield>
  <datafield tag="952" ind1=" " ind2=" ">
    <subfield code="0">0</subfield>
    <subfield code="1">0</subfield>
    <subfield code="2">ddc</subfield>
    <subfield code="4">0</subfield>
    <subfield code="6">681_200000000000000_P3141</subfield>
    <subfield code="7">0</subfield>
    <subfield code="9">2259</subfield>
    <subfield code="a">CL</subfield>
    <subfield code="b">CL</subfield>
    <subfield code="d">2017-09-07</subfield>
    <subfield code="e">Trio Enterprises</subfield>
    <subfield code="g">198.00</subfield>
    <subfield code="o">681.2 P3141</subfield>
    <subfield code="p">12768</subfield>
    <subfield code="r">2019-10-21</subfield>
    <subfield code="v">275.00</subfield>
    <subfield code="y">BK</subfield>
  </datafield>
  <datafield tag="952" ind1=" " ind2=" ">
    <subfield code="0">0</subfield>
    <subfield code="1">0</subfield>
    <subfield code="2">ddc</subfield>
    <subfield code="4">0</subfield>
    <subfield code="6">681_200000000000000_P3141</subfield>
    <subfield code="7">0</subfield>
    <subfield code="9">2260</subfield>
    <subfield code="a">CL</subfield>
    <subfield code="b">CL</subfield>
    <subfield code="d">2017-09-07</subfield>
    <subfield code="e">Trio Enterprises</subfield>
    <subfield code="g">198.00</subfield>
    <subfield code="o">681.2 P3141</subfield>
    <subfield code="p">12769</subfield>
    <subfield code="r">2019-10-21</subfield>
    <subfield code="v">275.00</subfield>
    <subfield code="y">BK</subfield>
  </datafield>
  <datafield tag="952" ind1=" " ind2=" ">
    <subfield code="0">0</subfield>
    <subfield code="1">0</subfield>
    <subfield code="2">ddc</subfield>
    <subfield code="4">0</subfield>
    <subfield code="6">681_200000000000000_P3141</subfield>
    <subfield code="7">0</subfield>
    <subfield code="9">2261</subfield>
    <subfield code="a">CL</subfield>
    <subfield code="b">CL</subfield>
    <subfield code="d">2017-09-07</subfield>
    <subfield code="e">Trio Enterprises</subfield>
    <subfield code="g">198.00</subfield>
    <subfield code="o">681.2 P3141</subfield>
    <subfield code="p">12770</subfield>
    <subfield code="r">2019-10-21</subfield>
    <subfield code="v">275.00</subfield>
    <subfield code="y">BK</subfield>
  </datafield>
  <datafield tag="952" ind1=" " ind2=" ">
    <subfield code="0">0</subfield>
    <subfield code="1">0</subfield>
    <subfield code="2">ddc</subfield>
    <subfield code="4">0</subfield>
    <subfield code="6">681_200000000000000_P3141</subfield>
    <subfield code="7">0</subfield>
    <subfield code="9">2262</subfield>
    <subfield code="a">CL</subfield>
    <subfield code="b">CL</subfield>
    <subfield code="d">2017-09-07</subfield>
    <subfield code="e">Trio Enterprises</subfield>
    <subfield code="g">198.00</subfield>
    <subfield code="o">681.2 P3141</subfield>
    <subfield code="p">12771</subfield>
    <subfield code="r">2019-10-21</subfield>
    <subfield code="v">275.00</subfield>
    <subfield code="y">BK</subfield>
  </datafield>
</record>
